| 000 | 00411nam a2200145Ia 4500 | ||
|---|---|---|---|
| 008 | 230917s9999||||xx |||||||||||||| ||und|| | ||
| 040 |
_e99592 _aMAIN |
||
| 041 | _aEnglish | ||
| 082 | _a327.116 P192R | ||
| 100 | _aPande, Amba | ||
| 245 | 0 | _aRegional security in Southeast Asia and South Pacific: Prospects of nuclear freezone | |
| 260 |
_aDelhi _bAuthors Press _c2002 |
||
| 300 | _axii, 232 p. | ||
| 942 | _cBK | ||
| 999 |
_c116756 _d116756 |
||